[Event "Belgrade Spring op"]
[Site "Belgrade"]
[Date "2008.04.01"]
[Round "8"]
[White "Tomin, Nenad"]
[Black "Kalinic, Dusan"]
[Result "1/2-1/2"]
[WhiteElo "1751"]
[BlackElo "1930"]
[PlyCount "59"]
[EventDate "2008.03.25"]
[EventType "swiss"]
[EventRounds "9"]
[EventCountry "YUG"]
[SourceTitle "CBM 123 Extra"]
[Source "ChessBase"]
[SourceDate "2008.05.06"]
[SourceVersion "1"]
[SourceVersionDate "2008.05.06"]
[SourceQuality "1"]

1. e4 c5 2. c3 Nf6 3. e5 Nd5 4. d4 cxd4 5. Nf3 Nc6 6. cxd4 d6 7. Bc4 e6 8. 0-0 Be7 9. Qe2 0-0 10. Qe4 Qc7 11. Bd3 g6 12. Bh6 Rd8 13. Nbd2 Nb6 14. Rac1 dxe5 15. dxe5 Nd7 16. Bb5 Ndxe5 17. Nxe5 Qxe5 18. Bxc6 Qh5 19. Bxb7 Bxb7 20. Qxb7 Qxh6 21. Nc4 Qf8 22. Qf3 Bg5 23. Rcd1 Qc5 24. b3 Rac8 25. Rfe1 Rxd1 26. Rxd1 Rd8 27. Rxd8+ Bxd8 28. Qa8 Qd4 29. g3 Kg7 30. Kg2 1/2-1/2

[Event "Belgrade Spring op"]
[Site "Belgrade"]
[Date "2008.03.31"]
[Round "7"]
[White "Jedjini, Pavel"]
[Black "Tomin, Nenad"]
[Result "1/2-1/2"]
[WhiteElo "1948"]
[BlackElo "1751"]
[PlyCount "94"]
[EventDate "2008.03.25"]
[EventType "swiss"]
[EventRounds "9"]
[EventCountry "YUG"]
[SourceTitle "CBM 123 Extra"]
[Source "ChessBase"]
[SourceDate "2008.05.06"]
[SourceVersion "1"]
[SourceVersionDate "2008.05.06"]
[SourceQuality "1"]

1. d4 Nf6 2. Nf3 g6 3. c4 Bg7 4. Nc3 d6 5. e4 0-0 6. Bd3 Nbd7 7. 0-0 e5 8. d5 a5 9. Bg5 Nc5 10. Bc2 Bd7 11. a3 a4 12. Be3 Qe8 13. Ne1 Nh5 14. Nd3 Nxd3 15. Qxd3 f5 16. f3 Nf4 17. Qd2 Qe7 18. Bxf4 exf4 19. Rfe1 Qh4 20. Qf2 Qg5 21. Rad1 Be5 22. exf5 gxf5 23. Nb5 Bxb5 24. cxb5 b6 25. Bd3 Qf6 26. Qc2 Rf7 27. Kh1 Kh8 28. Rb1 Qg5 29. Qc6 Rg8 30. Bf1 Rf6 31. Qc2 Rh6 32. Qf2 Qg3 33. Qxg3 fxg3 34. h3 Rh4 35. Rec1 Rg7 36. Rc4 Rxc4 37. Bxc4 Re7 38. Re1 Bf6 39. Re6 Kg7 40. Rxe7+ Bxe7 41. Kg1 Bf6 42. b3 axb3 43. Bxb3 Bd4+ 44. Kf1 Kf6 45. Ke2 f4 46. Kd3 Bc5 47. Ke4 Be3 1/2-1/2

[Event "Belgrade Spring op"]
[Site "Belgrade"]
[Date "2008.03.30"]
[Round "6"]
[White "Tomin, Nenad"]
[Black "Petrovic, Petar"]
[Result "0-1"]
[WhiteElo "1751"]
[BlackElo "2110"]
[PlyCount "70"]
[EventDate "2008.03.25"]
[EventType "swiss"]
[EventRounds "9"]
[EventCountry "YUG"]
[SourceTitle "CBM 123 Extra"]
[Source "ChessBase"]
[SourceDate "2008.05.06"]
[SourceVersion "1"]
[SourceVersionDate "2008.05.06"]
[SourceQuality "1"]

1. e4 c5 2. c3 d5 3. exd5 Qxd5 4. d4 cxd4 5. cxd4 Nc6 6. Nf3 e6 7. Nc3 Bb4 8. Bd2 Qd8 9. Be3 Nf6 10. Bd3 0-0 11. 0-0 b6 12. Ne5 Bb7 13. a3 Nxe5 14. dxe5 Bxc3 15. bxc3 Qd5 16. f3 Qxe5 17. Bd4 Qg5 18. Re1 Rfd8 19. Re5 Qf4 20. Kh1 Rd5 21. g3 Qh6 22. Be3 Qh3 23. Rxd5 Bxd5 24. c4 Bc6 25. Ra2 Qh5 26. Be2 h6 27. Rd2 Ng4 28. Bg1 Ne5 29. Kg2 Qg5 30. c5 bxc5 31. h4 Qe7 32. Rd6 Rc8 33. Kh2 Bd5 34. Ra6 Qb7 35. Rd6 Bxf3 0-1

[Event "Belgrade Spring op"]
[Site "Belgrade"]
[Date "2008.03.28"]
[Round "4"]
[White "Tomin, Nenad"]
[Black "Petrovic, Milan"]
[Result "1-0"]
[WhiteElo "1751"]
[BlackElo "2017"]
[PlyCount "59"]
[EventDate "2008.03.25"]
[EventType "swiss"]
[EventRounds "9"]
[EventCountry "YUG"]
[SourceTitle "CBM 123 Extra"]
[Source "ChessBase"]
[SourceDate "2008.05.06"]
[SourceVersion "1"]
[SourceVersionDate "2008.05.06"]
[SourceQuality "1"]

1. e4 c6 2. d4 d5 3. Nc3 dxe4 4. Nxe4 Nf6 5. Nxf6+ exf6 6. c3 Bd6 7. Bd3 0-0 8. Ne2 Re8 9. 0-0 Nd7 10. Be3 Qc7 11. h3 Nf8 12. Qd2 b6 13. Rad1 Ng6 14. d5 c5 15. Bb5 Re7 16. Bc6 Rb8 17. f4 Ba6 18. Rde1 h5 19. Rf2 h4 20. b3 Bxe2 21. Rexe2 Re4 22. Qd3 f5 23. c4 Bxf4 24. Bd2 Qe5 25. Bc3 Rxe2 26. Rxe2 Bh2+ 27. Kh1 Qg3 28. Re3 Qf2 29. Kxh2 Nf4 30. Qd2 1-0

[Event "Belgrade Winter op"]
[Site "Belgrade"]
[Date "2008.01.28"]
[Round "7"]
[White "Jovic, Slavko"]
[Black "Tomin, Nenad"]
[Result "1/2-1/2"]
[WhiteElo "1885"]
[BlackElo "1751"]
[PlyCount "83"]
[EventDate "2008.01.22"]
[EventType "swiss"]
[EventRounds "9"]
[EventCountry "YUG"]
[SourceTitle "CBM 122 Extra"]
[Source "ChessBase"]
[SourceDate "2008.03.04"]
[SourceVersion "1"]
[SourceVersionDate "2008.03.04"]
[SourceQuality "1"]

1. e4 c5 2. d4 cxd4 3. c3 g6 4. Nf3 d3 5. Bxd3 Nc6 6. 0-0 Bg7 7. Qe2 d6 8. h3 Nf6 9. Rd1 Nd7 10. Be3 0-0 11. Na3 Nde5 12. Nxe5 Nxe5 13. Bc2 Bd7 14. Nc4 Bb5 15. Bd3 Nxd3 16. Qxd3 Rc8 17. b3 b6 18. Bd4 Bxc4 19. bxc4 Qc7 20. Bxg7 Kxg7 21. e5 dxe5 22. Qd7 Rfd8 23. Qb5 f6 24. Qa6 Rxd1+ 25. Rxd1 Kf7 26. a4 Qxc4 27. Qxa7 Qc7 28. Qa6 Qc6 29. Rb1 Ra8 30. Qxb6 Qxb6 31. Rxb6 Rxa4 32. Kf1 Rc4 33. Rb3 f5 34. Ke2 e4 35. g3 g5 36. Rb5 e6 37. Rb7+ Kf6 38. Rxh7 Rxc3 39. h4 gxh4 40. Rxh4 Rf3 41. Rh6+ Ke5 42. Rh8 1/2-1/2

[Event "Belgrade Winter op"]
[Site "Belgrade"]
[Date "2007.02.01"]
[Round "9"]
[White "Tomin, Nenad"]
[Black "Begovic, Ivan"]
[Result "1-0"]
[WhiteElo "1709"]
[BlackElo "1983"]
[PlyCount "91"]
[EventDate "2007.01.24"]
[EventType "swiss"]
[EventRounds "9"]
[EventCountry "YUG"]
[SourceTitle "EXT 2010"]
[Source "ChessBase"]
[SourceDate "2010.11.25"]
[SourceVersion "1"]
[SourceVersionDate "2010.11.25"]
[SourceQuality "1"]

1. e4 d6 2. d4 Nf6 3. Nc3 g6 4. Bc4 c6 5. a4 Bg7 6. Nf3 0-0 7. Qe2 b6 8. 0-0 Bb7 9. Be3 d5 10. e5 dxc4 11. exf6 Bxf6 12. Qxc4 Ba6 13. Qb3 Bxf1 14. Rxf1 Nd7 15. Bh6 Bg7 16. Bg5 Nf6 17. Ne5 Qxd4 18. Nxc6 Qc5 19. Qb5 Qxb5 20. Nxe7+ Kh8 21. Nxb5 a6 22. Nc3 Rfe8 23. Re1 Rad8 24. Kf1 h6 25. Bh4 Kh7 26. Nc6 Rxe1+ 27. Kxe1 Re8+ 28. Kd2 Ne4+ 29. Nxe4 Rxe4 30. Bg3 Bxb2 31. a5 b5 32. Nb8 Re6 33. Bc7 Bd4 34. f3 Kg7 35. Kd3 Bf2 36. h3 f6 37. Bf4 g5 38. Bc7 Kf7 39. f4 Ba7 40. f5 Re3+ 41. Kd2 Bxb8 42. Bxb8 Re8 43. Bc7 Re7 44. Bb8 h5 45. Kd3 Rd7+ 46. Ke3 1-0